| 000 | 00945nas a2200289 4500 | ||
|---|---|---|---|
| 001 | BR2014000241 | ||
| 003 | BR-BrBNA | ||
| 005 | 20231205123603.0 | ||
| 007 | ta | ||
| 008 | 230509b bl.|||p| |||| 00| 00por d | ||
| 040 |
_aBR-BrBNA _bpor _cBiblioteca Nacional de Agricultura |
||
| 041 | _a(Pt) | ||
| 072 | _aF08; P33 | ||
| 100 | 1 | _aFreitas, I.C. de | |
| 100 | 1 | _aSantos, F.C.V. dos | |
| 100 | 1 | _aCustódio Filho, R. de O. | |
| 100 | 1 | _aCorrechel, V. | |
| 100 | 1 | _aSilva, R.B. da | |
| 245 | 1 | _aAgroecossistemas de produção familiar da Amazônia e seus impactos nos atributos do solo | |
| 650 | _aFÍSICA DO SOLO | ||
| 650 | _aAGRICULTURA FAMILIAR | ||
| 650 | _aCINZA | ||
| 650 | _aPROPRIEDADE FÍSICO-QUÍMICA | ||
| 773 | 0 |
_tRevista Brasileira de Engenharia Agrícola e Ambiental (Brazil) _xISSN 1415-4366 _g(Dec 2013), v. 17(12) p. 1310-1317 _wBR2014000241 |
|
| 909 |
_a202311 _bLúcia _c55 _dLúcia Elande |
||
| 942 |
_2AGRIS _n0 _cANA |
||
| 999 |
_c234651 _d234651 |
||